<?xml version="1.0" encoding="UTF-8"?>
<record
    xmlns:xsi="http://www.w3.org/2001/XMLSchema-instance"
    xsi:schemaLocation="http://www.loc.gov/MARC21/slim http://www.loc.gov/standards/marcxml/schema/MARC21slim.xsd"
    xmlns="http://www.loc.gov/MARC21/slim">

  <leader>01752agaaa2200313   4500</leader>
  <controlfield tag="001">6246</controlfield>
  <controlfield tag="003">IT-RoPAU</controlfield>
  <controlfield tag="005">20220918181307.0</controlfield>
  <controlfield tag="007">d cvaizq</controlfield>
  <controlfield tag="008">50131s9999||||xx ||| |     ||   ||und||</controlfield>
  <datafield tag="040" ind1=" " ind2=" ">
    <subfield code="a">IT-RoPAU</subfield>
    <subfield code="c">IT-RoPAU</subfield>
  </datafield>
  <datafield tag="041" ind1=" " ind2=" ">
    <subfield code="a">ITALIANO</subfield>
  </datafield>
  <datafield tag="100" ind1=" " ind2=" ">
    <subfield code="a">Jancso' Miklos</subfield>
    <subfield code="g">Codice regista SPICS: 5251</subfield>
    <subfield code="9">54881</subfield>
  </datafield>
  <datafield tag="130" ind1=" " ind2=" ">
    <subfield code="a">ARMATA A CAVALLO (L')</subfield>
    <subfield code="9">54882</subfield>
  </datafield>
  <datafield tag="240" ind1=" " ind2=" ">
    <subfield code="a">CSILLAGOSOK KATONAK</subfield>
    <subfield code="g">T1872</subfield>
  </datafield>
  <datafield tag="245" ind1=" " ind2=" ">
    <subfield code="a">ARMATA A CAVALLO (L')</subfield>
    <subfield code="c">Prodotto da: Andras N. Sirian K. -- Sceneggiatura: Gyula Mdivani Georgu Miklos Jancso -- Diretto da: Jancso' Miklos</subfield>
    <subfield code="p">ARMATA A CAVALLO (L') (Rif. Codice opera principale : 26246)</subfield>
  </datafield>
  <datafield tag="246" ind1=" " ind2=" ">
    <subfield code="a">CSILLAGOSOK KATONAK</subfield>
  </datafield>
  <datafield tag="250" ind1=" " ind2=" ">
    <subfield code="a">Edizione Standard</subfield>
  </datafield>
  <datafield tag="260" ind1=" " ind2=" ">
    <subfield code="a">BUDAPEST - MOSCA (UNGHERIA)</subfield>
    <subfield code="b">MAFILM - MOSFILM / Distribuzione: MASTER VIDEO</subfield>
    <subfield code="g">"1967 (1&#xB0; ed.: 1988 ; Ed. Lingua Orig.: 1967)"</subfield>
  </datafield>
  <datafield tag="300" ind1=" " ind2=" ">
    <subfield code="a">VHS</subfield>
    <subfield code="b">sonoro, col.</subfield>
    <subfield code="c">91 minuti</subfield>
  </datafield>
  <datafield tag="508" ind1=" " ind2=" ">
    <subfield code="a">"Fotografia: Tamas Somlo; Montaggio: Zoldan Farkas; Sceneggiatura: Gyula Mdivani Georgu Miklos Jancso; "</subfield>
  </datafield>
  <datafield tag="511" ind1=" " ind2=" ">
    <subfield code="a">"Mykolajewska Krystyna; Adviausko Vicktor; Molnar Tibor; Michalkov Nykita; Prokofjev"</subfield>
  </datafield>
  <datafield tag="520" ind1=" " ind2=" ">
    <subfield code="a">IN RUSSIA NEL 1918 UN GRUPPO DI RIVOLUZIONARI VIENE FATTO PRIGIONIERO DA UNA FORMAZIONE APPARTENENTE ALL'ARMATA BIANCA ALCUNI DI ESSI SFUGGITI ALLA SOMMARIA FUCILAZIONE SI DISPERDONO NEI BOSCHI RIUSCENDO A RIFUGIARSI IN UN CAMPO ZARISTA DENTRO ALCUNE BARACCHE CHE FUNGONO DA OSPEDALE QUI AIUTATI E NASCOSTI DALLE STESSE INFERMIERE VENGONO SCOPERTI ED UCCISI DRAMMA STORICO FILM IN BIANCO E NERO</subfield>
  </datafield>
  <datafield tag="538" ind1=" " ind2=" ">
    <subfield code="a">PAL, STEREO</subfield>
  </datafield>
  <datafield tag="546" ind1=" " ind2=" ">
    <subfield code="a">ITALIANO</subfield>
  </datafield>
  <datafield tag="650" ind1=" " ind2=" ">
    <subfield code="a">DRAMMA STORICO</subfield>
    <subfield code="e">FILMS [VHS]</subfield>
    <subfield code="x">Codice MATERIA SPICS: 9960</subfield>
    <subfield code="9">40833</subfield>
  </datafield>
  <datafield tag="700" ind1=" " ind2=" ">
    <subfield code="a">Jancso' Miklos </subfield>
    <subfield code="e">(regista)</subfield>
    <subfield code="g">Codice regista SPICS: 5251</subfield>
    <subfield code="9">54883</subfield>
  </datafield>
  <datafield tag="942" ind1=" " ind2=" ">
    <subfield code="c">VH</subfield>
    <subfield code="2">ddc</subfield>
  </datafield>
  <datafield tag="999" ind1=" " ind2=" ">
    <subfield code="c">108205</subfield>
    <subfield code="d">108205</subfield>
  </datafield>
  <datafield tag="952" ind1=" " ind2=" ">
    <subfield code="0">0</subfield>
    <subfield code="1">0</subfield>
    <subfield code="4">0</subfield>
    <subfield code="6">26246_000000000000000</subfield>
    <subfield code="7">1</subfield>
    <subfield code="a">SPICS</subfield>
    <subfield code="b">SPICS</subfield>
    <subfield code="d">2015-01-31</subfield>
    <subfield code="l">0</subfield>
    <subfield code="o">26246</subfield>
    <subfield code="r">2015-01-31 00:00:00</subfield>
    <subfield code="w">2015-01-31</subfield>
    <subfield code="y">VH</subfield>
    <subfield code="z">Progr. Ins.: 1662 / N.Vol.:1 / Copie: 1 / Pag.: / Copia rara: NO / date import: 1.2.2015 / By Epidotti, Trombetti, Vaglietti</subfield>
  </datafield>
</record>
